| 000 | 00575nam a22001817a 4500 | ||
|---|---|---|---|
| 005 | 20231121101112.0 | ||
| 008 | 231121b |||||||| |||| 00| 0 eng d | ||
| 020 | _a0702132853 | ||
| 041 | _aEnglish | ||
| 082 | _a342.8 RIG | ||
| 100 | _lEnglish | ||
| 245 |
_aRights and Constitutionalism : _bThe New South African Legal Order / _cedited by D Van Wyk et al. |
||
| 250 | _aFirst Edition | ||
| 260 |
_aCape Town : _bJuta and Company Ltd, _c1994 |
||
| 300 |
_bliv, 720 pages ; _c26 cm. |
||
| 650 |
_aLegal practice _bLaw |
||
| 942 |
_cBK _6ALISON_BN_VRIES |
||
| 999 |
_c833 _d833 |
||